| 000 | 00594nam a2200241 a 4500 | ||
|---|---|---|---|
| 001 | nice12345678 | ||
| 003 | IN_TiNIC | ||
| 005 | 20260116014346.0 | ||
| 008 | 100308s2010 newa grp 000 0 eng | ||
| 020 |
_a9788189983277 _c500 |
||
| 082 | 0 | 0 |
_a155.4 _bSIN |
| 100 | _aSingh, Sinku Kumar | ||
| 245 | _aChild Psychology | ||
| 260 |
_aNew Delhi _bKsk Pubs & Disbs _c2010 |
||
| 300 | _a257p | ||
| 500 | _aincludes index and biblioraphy | ||
| 505 | 2 | _aBibliography | |
| 650 | _aPsychology-Child | ||
| 700 | 1 | _aSingh, Sinku Kumar | |
| 902 | _bSRS | ||
| 942 | _cBK | ||
| 999 |
_c14967 _d14967 |
||